[Event "Olginka Orbit op"]
[Site "Olginka"]
[Date "2022.08.21"]
[Round "6"]
[White "Tokmakova, Ulyana"]
[Black "Alpin, Maxim"]
[Result "0-1"]
[WhiteElo "1912"]
[BlackElo "2116"]
[PlyCount "52"]
[EventDate "2022.08.16"]
[EventType "swiss"]
[EventRounds "9"]
[EventCountry "RUS"]
[SourceTitle "CBM 209 Extra"]
[Source "ChessBase"]
[SourceDate "2022.09.30"]
[SourceVersion "1"]
[SourceVersionDate "2022.09.30"]
[SourceQuality "1"]

1. e4 c5 2. Nf3 Nc6 3. d4 cxd4 4. Nxd4 g6 5. c4 Nf6 6. Nc3 d6 7. Be2 Nxd4 8. Qxd4 Bg7 9. 0-0 0-0 10. Bg5 Bd7 11. Rad1 Bc6 12. Qe3 Qa5 13. Rfe1 Rfe8 14. c5 Qxc5 15. Qxc5 dxc5 16. e5 Nd7 17. f4 h6 18. Bh4 g5 19. e6 gxh4 20. Rxd7 Bxd7 21. exd7 Red8 22. Bg4 e6 23. f5 Bd4+ 24. Kf1 Bxc3 25. fxe6 Bxe1 26. e7 Ba5 0-1

[Event "Sevastopol Waltz op"]
[Site "Sevastopol"]
[Date "2022.08.04"]
[Round "4"]
[White "Voit, Daria"]
[Black "Tokmakova, Ulyana"]
[Result "1-0"]
[WhiteElo "2339"]
[BlackElo "1912"]
[PlyCount "69"]
[EventDate "2022.08.01"]
[EventType "swiss"]
[EventRounds "9"]
[EventCountry "UKR"]
[SourceTitle "EXT 2023"]
[Source "ChessBase"]
[SourceDate "2022.10.05"]
[SourceVersion "1"]
[SourceVersionDate "2022.10.05"]
[SourceQuality "1"]

1. Nf3 c5 2. c4 e6 3. Nc3 d5 4. cxd5 exd5 5. d4 Nc6 6. Bg5 Be7 7. Bxe7 Ngxe7 8. e3 0-0 9. dxc5 Qa5 10. Bb5 a6 11. Bxc6 bxc6 12. 0-0 Qxc5 13. Rc1 Rb8 14. Na4 Qd6 15. Nd4 Qg6 16. Qf3 Bd7 17. b3 Nf5 18. Nxf5 Bxf5 19. Qg3 Qf6 20. h3 h5 21. Rc3 h4 22. Qf4 Rbd8 23. Rd1 Rfe8 24. Rd4 g5 25. Qc7 Rd6 26. Nc5 Qg6 27. Nxa6 Rc8 28. Qe7 Rd7 29. Qb4 Be4 30. Nc5 Rdd8 31. Nxe4 dxe4 32. Qe7 Re8 33. Qd7 Qf6 34. Rc5 Red8 35. Qf5 1-0

[Event "Cheliabinsk Variation-B"]
[Site "Cheliabinsk"]
[Date "2022.04.06"]
[Round "6"]
[White "Barkasheva, Sofia"]
[Black "Tokmakova, Ulyana"]
[Result "0-1"]
[WhiteElo "1534"]
[BlackElo "1945"]
[PlyCount "84"]
[EventDate "2022.04.01"]
[EventType "swiss"]
[EventRounds "9"]
[EventCountry "RUS"]
[SourceTitle "CBM 207 Extra"]
[Source "ChessBase"]
[SourceDate "2022.05.31"]
[SourceVersion "1"]
[SourceVersionDate "2022.05.31"]
[SourceQuality "1"]

1. e4 c5 2. Nf3 d6 3. d4 cxd4 4. Nxd4 Nf6 5. Nc3 Nc6 6. Bg5 e6 7. Qd2 Be7 8. 0-0-0 0-0 9. Ndb5 Qa5 10. h4 Rd8 11. g4 a6 12. Bxf6 Bxf6 13. g5 Be5 14. f4 axb5 15. fxe5 b4 16. Nb1 Nxe5 17. Be2 b5 18. g6 hxg6 19. h5 b3 20. Qxa5 Rxa5 21. axb3 b4 22. h6 gxh6 23. Rxh6 Kg7 24. Rdh1 Bb7 25. Rh7+ Kf6 26. Rf1+ Ke7 27. Bf3 Raa8 28. Nd2 Rh8 29. Rxh8 Rxh8 30. Bg2 Rh2 31. Rg1 f5 32. Kd1 Kf6 33. c3 g5 34. c4 f4 35. c5 dxc5 36. Nc4 Nxc4 37. e5+ Kxe5 38. Bxb7 Nxb2+ 39. Kc1 Nd3+ 40. Kb1 Kf6 41. Be4 Nf2 42. Bf3 e5 0-1

[Event "Cheliabinsk Variation-B"]
[Site "Cheliabinsk"]
[Date "2022.04.04"]
[Round "4"]
[White "Smirnova, Ekaterina"]
[Black "Tokmakova, Ulyana"]
[Result "1/2-1/2"]
[WhiteElo "2196"]
[BlackElo "1945"]
[PlyCount "88"]
[EventDate "2022.04.01"]
[EventType "swiss"]
[EventRounds "9"]
[EventCountry "RUS"]
[SourceTitle "CBM 207 Extra"]
[Source "ChessBase"]
[SourceDate "2022.05.31"]
[SourceVersion "1"]
[SourceVersionDate "2022.05.31"]
[SourceQuality "1"]

1. d4 d5 2. c4 e6 3. Nc3 c5 4. cxd5 exd5 5. Nf3 Nc6 6. g3 Nf6 7. Bg2 Be7 8. 0-0 0-0 9. Bg5 cxd4 10. Nxd4 h6 11. Bf4 Bg4 12. h3 Nxd4 13. Qxd4 Be6 14. Rfd1 Qa5 15. Nxd5 Nxd5 16. Bxd5 Rad8 17. e4 Rd7 18. Be5 Bc5 19. Qd3 Rfd8 20. Bc3 Qa4 21. Rd2 Bxd5 22. exd5 Rxd5 23. Qxd5 Rxd5 24. Rxd5 Bb6 25. Rd2 h5 26. h4 Qg4 27. Be5 f6 28. Bd6 g5 29. hxg5 h4 30. Kh2 Qh5 31. g4 Qxg5 32. Rad1 Kh7 33. Kh3 f5 34. gxf5 Qxf5+ 35. Kg2 Bxf2 36. Rd3 Be3 37. b3 Kh6 38. Bf8+ Kh7 39. Bd6 Kg6 40. Bb8 Qf2+ 41. Kh3 Qf3+ 42. Kh2 Qf2+ 43. Kh3 Qf3+ 44. Kh2 Qf2+ 1/2-1/2

[Event "Cheliabinsk Variation-B"]
[Site "Cheliabinsk"]
[Date "2022.04.03"]
[Round "3"]
[White "Tokmakova, Ulyana"]
[Black "Zhapova, Yana"]
[Result "0-1"]
[WhiteElo "1945"]
[BlackElo "2171"]
[PlyCount "104"]
[EventDate "2022.04.01"]
[EventType "swiss"]
[EventRounds "9"]
[EventCountry "RUS"]
[SourceTitle "CBM 207 Extra"]
[Source "ChessBase"]
[SourceDate "2022.05.31"]
[SourceVersion "1"]
[SourceVersionDate "2022.05.31"]
[SourceQuality "1"]

1. c4 e6 2. Nc3 d5 3. d4 c6 4. cxd5 exd5 5. Nf3 Bf5 6. Bg5 Nf6 7. e3 Nbd7 8. Be2 Be7 9. 0-0 0-0 10. Rc1 Re8 11. Ne1 Ne4 12. Bxe7 Qxe7 13. Nd3 Nd6 14. Nc5 Qg5 15. Nxd7 Bxd7 16. Re1 Re6 17. Bf1 h5 18. Ne2 Rae8 19. Nf4 Rh6 20. b4 h4 21. a4 Bg4 22. Qb3 Ne4 23. Qa2 Rf6 24. h3 Bd7 25. b5 Qh6 26. bxc6 bxc6 27. Nd3 Bc8 28. Rc2 Qg5 29. Nf4 Qf5 30. Be2 Qh7 31. Bd3 Bf5 32. f3 Nd6 33. Bxf5 Nxf5 34. Qb1 Nxd4 35. Rcc1 Qxb1 36. Rxb1 Nc2 37. Re2 Nxe3 38. Nd3 Rfe6 39. Nf4 R6e7 40. Rc1 Nc4 41. Rec2 Re1+ 42. Kf2 Rxc1 43. Rxc1 Rb8 44. Nd3 f6 45. g3 Rb3 46. Rd1 hxg3+ 47. Kxg3 Ne3 48. Nc5 Rc3 49. Rd3 Nf5+ 50. Kf4 Rxc5 51. Kxf5 Kf7 52. Rb3 g6+ 0-1

[Event "EU-ch Hybrid U16 Girls"]
[Site "Tornelo INT"]
[Date "2021.10.15"]
[Round "8"]
[White "Shuqja, Klean"]
[Black "Tokmakova, Ulyana"]
[Result "1/2-1/2"]
[WhiteElo "1877"]
[BlackElo "1977"]
[PlyCount "115"]
[EventDate "2021.10.15"]
[EventType "swiss"]
[EventRounds "9"]
[EventCountry "NET"]
[SourceTitle "EXT 2023"]
[Source "ChessBase"]
[SourceDate "2022.10.05"]
[SourceVersion "1"]
[SourceVersionDate "2022.10.05"]
[SourceQuality "1"]
[WhiteTeam "Albania"]
[BlackTeam "Russia"]
[WhiteTeamCountry "ALB"]
[BlackTeamCountry "RUS"]

1. e4 c5 2. Nf3 d6 3. Bb5+ Nd7 4. 0-0 Ngf6 5. d4 cxd4 6. Qxd4 e5 7. Qd3 Be7 8. Bg5 0-0 9. Bxd7 Nxd7 10. Bxe7 Qxe7 11. Nc3 Nc5 12. Nd5 Qd8 13. Qc4 Ne6 14. Rfd1 Bd7 15. Ne3 Qb6 16. Qb3 Qc6 17. Nf5 Nc5 18. Ne7+ Kh8 19. Nxc6 Nxb3 20. cxb3 Bxc6 21. Rxd6 f6 22. Re1 Rfd8 23. Rd2 Rxd2 24. Nxd2 Rd8 25. Nf1 Kg8 26. f3 Kf7 27. Kf2 Ke6 28. Ne3 Bb5 29. Nd5 Bc6 30. Nc3 g6 31. Rd1 Rxd1 32. Nxd1 f5 33. exf5+ gxf5 34. Nc3 Kf6 35. Ke3 Kg5 36. b4 a6 37. a4 h5 38. b5 axb5 39. Nxb5 h4 40. g3 hxg3 41. hxg3 f4+ 42. gxf4+ exf4+ 43. Ke2 Kh4 44. Nd4 Bxa4 45. Kd3 Kg3 46. Ke4 Bd1 47. b3 b6 48. b4 b5 49. Nf5+ Kf2 50. Kxf4 Bxf3 51. Nd4 Bg2 52. Nxb5 Ke2 53. Nd6 Bc6 54. Nc8 Kd3 55. Na7 Ba4 56. Ke5 Kc4 57. b5 Bxb5 58. Nxb5 1/2-1/2

[Event "EU-ch Hybrid U16 Girls"]
[Site "Tornelo INT"]
[Date "2021.10.15"]
[Round "2"]
[White "Zrmanovska, Mihaela"]
[Black "Tokmakova, Ulyana"]
[Result "0-1"]
[WhiteElo "1321"]
[BlackElo "1977"]
[PlyCount "70"]
[EventDate "2021.10.15"]
[EventType "swiss"]
[EventRounds "9"]
[EventCountry "NET"]
[SourceTitle "EXT 2023"]
[Source "ChessBase"]
[SourceDate "2022.10.05"]
[SourceVersion "1"]
[SourceVersionDate "2022.10.05"]
[SourceQuality "1"]
[WhiteTeam "Macedonia"]
[BlackTeam "Russia"]
[WhiteTeamCountry "MKD"]
[BlackTeamCountry "RUS"]

1. e4 c5 2. Nf3 d6 3. d4 cxd4 4. Nxd4 Nf6 5. Nc3 Nc6 6. Bb5 Bd7 7. Be3 e6 8. 0-0 Be7 9. Qe1 a6 10. Bd3 Ng4 11. f4 Nxe3 12. Qxe3 Rc8 13. e5 Nxd4 14. Qxd4 dxe5 15. Qxe5 Bf6 16. Qe1 Qb6+ 17. Kh1 Qxb2 18. Ne4 Qxa1 19. Nd6+ Kf8 20. Qxa1 Bxa1 21. Nxc8 Bd4 22. Nd6 Bc6 23. Rb1 b5 24. c4 b4 25. Rxb4 Ke7 26. Ne4 Rd8 27. Rb1 Be3 28. Bc2 f5 29. Re1 Bxe4 30. Bxe4 Bf2 31. Rf1 fxe4 32. g3 e3 33. Kg2 e2 34. Kxf2 exf1Q+ 35. Kxf1 Rd2 0-1

[Event "RUS-ch Higher League (Women) 71st"]
[Site "Cheboksary"]
[Date "2021.07.04"]
[Round "8"]
[White "Tokmakova, Ulyana"]
[Black "Kovanova, Baira"]
[Result "0-1"]
[WhiteElo "1887"]
[BlackElo "2318"]
[PlyCount "60"]
[EventDate "2021.06.26"]
[EventType "swiss"]
[EventRounds "9"]
[EventCountry "RUS"]
[SourceTitle "CBM 203 Extra"]
[Source "ChessBase"]
[SourceDate "2021.09.30"]
[SourceVersion "1"]
[SourceVersionDate "2021.09.30"]
[SourceQuality "1"]

1. Nf3 Nf6 2. c4 e6 3. g3 b6 4. Bg2 Bb7 5. 0-0 Be7 6. b3 0-0 7. Bb2 c5 8. Nc3 d6 9. Re1 a6 10. e4 Nbd7 11. d4 Qc7 12. e5 dxe5 13. dxe5 Ng4 14. h3 Nh6 15. Ne4 Rad8 16. Qc2 Nf5 17. g4 Nh4 18. Nxh4 Bxh4 19. Qc3 f6 20. exf6 Nxf6 21. Ng3 Bxg2 22. Kxg2 h5 23. Rxe6 hxg4 24. Nf5 Nh5 25. Nxh4 Nf4+ 26. Kg1 Nxe6 27. Re1 Nd4 28. hxg4 Rde8 29. Rxe8 Rxe8 30. Nf3 Ne2+ 0-1

[Event "RUS-ch Higher League (Women) 71st"]
[Site "Cheboksary"]
[Date "2021.06.27"]
[Round "2"]
[White "Tokmakova, Ulyana"]
[Black "Getman, Tatyana"]
[Result "1-0"]
[WhiteElo "1887"]
[BlackElo "2201"]
[PlyCount "59"]
[EventDate "2021.06.26"]
[EventType "swiss"]
[EventRounds "9"]
[EventCountry "RUS"]
[SourceTitle "CBM 203 Extra"]
[Source "ChessBase"]
[SourceDate "2021.09.30"]
[SourceVersion "1"]
[SourceVersionDate "2021.09.30"]
[SourceQuality "1"]

1. c4 e6 2. Nf3 d5 3. b3 Be7 4. Bb2 Bf6 5. Bxf6 Nxf6 6. e3 0-0 7. Be2 dxc4 8. bxc4 c5 9. 0-0 b6 10. Nc3 Bb7 11. d4 cxd4 12. exd4 Nc6 13. Qd2 Rc8 14. Rad1 Na5 15. Ne5 Nd7 16. Qf4 a6 17. Nxd7 Qxd7 18. d5 b5 19. Rfe1 e5 20. Qxe5 Nxc4 21. Bxc4 Rxc4 22. d6 h6 23. Nd5 Bxd5 24. Qxd5 Kh7 25. Re7 Qg4 26. d7 Rd8 27. h3 Qf4 28. Re8 Qf6 29. Rxd8 Qxd8 30. Qxf7 1-0

[Event "RUS-ch Higher League (Women) 71st"]
[Site "Cheboksary"]
[Date "2021.06.26"]
[Round "1"]
[White "Chernyak, Viktoria"]
[Black "Tokmakova, Ulyana"]
[Result "1-0"]
[WhiteElo "2315"]
[BlackElo "1887"]
[PlyCount "113"]
[EventDate "2021.06.26"]
[EventType "swiss"]
[EventRounds "9"]
[EventCountry "RUS"]
[SourceTitle "CBM 203 Extra"]
[Source "ChessBase"]
[SourceDate "2021.09.30"]
[SourceVersion "1"]
[SourceVersionDate "2021.09.30"]
[SourceQuality "1"]

1. d4 d5 2. c4 e6 3. Nf3 c5 4. cxd5 exd5 5. Bg5 f6 6. Bf4 Nc6 7. Nc3 cxd4 8. Nxd4 Bb4 9. e3 Nge7 10. Be2 0-0 11. 0-0 Ng6 12. Bg3 Bxc3 13. bxc3 f5 14. c4 Nxd4 15. Qxd4 Be6 16. Rfd1 dxc4 17. Bxc4 Qe8 18. h4 Bxc4 19. Qxc4+ Qf7 20. Rac1 Qxc4 21. Rxc4 Rf7 22. h5 Nf8 23. Rd5 Ne6 24. Be5 Re8 25. f3 h6 26. Kf2 Ree7 27. Rc8+ Kh7 28. Rd6 Rf8 29. Rxf8 Nxf8 30. Rd5 a6 31. Bd4 Rf7 32. f4 Ne6 33. Bb6 Nf8 34. Kf3 Nd7 35. Bd4 Kg8 36. g4 fxg4+ 37. Kxg4 Nf6+ 38. Bxf6 gxf6 39. Kf5 Kg7 40. Rd6 Rc7 41. Rb6 Rc5+ 42. Ke6 Rc7 43. e4 a5 44. a4 Rc4 45. Rxb7+ Kg8 46. Kf5 Rxa4 47. Rb6 Rb4 48. Rxf6 a4 49. Ra6 Kg7 50. Ra7+ Kf8 51. e5 Rc4 52. e6 Rb4 53. Ke5 Rb5+ 54. Kf6 Kg8 55. Rxa4 Rb6 56. f5 Rc6 57. Kg6 1-0

[Event "Moscow op (Women) 17th"]
[Site "Moscow"]
[Date "2021.02.27"]
[Round "8"]
[White "Tokmakova, Ulyana"]
[Black "Tarasenka, Aliaksandra"]
[Result "1/2-1/2"]
[WhiteElo "1882"]
[BlackElo "1995"]
[PlyCount "82"]
[EventDate "2021.02.20"]
[EventType "swiss"]
[EventRounds "9"]
[EventCountry "RUS"]
[SourceTitle "CBM 200 Extra"]
[Source "ChessBase"]
[SourceDate "2021.03.31"]
[SourceVersion "1"]
[SourceVersionDate "2021.03.31"]
[SourceQuality "1"]

1. c4 e5 2. Nc3 Nf6 3. Nf3 Nc6 4. g3 d5 5. cxd5 Nxd5 6. Bg2 Nde7 7. 0-0 g6 8. Rb1 a5 9. a3 Bg7 10. b4 axb4 11. axb4 0-0 12. b5 Nd4 13. d3 h6 14. Nd2 c6 15. bxc6 bxc6 16. Nde4 f5 17. Nc5 Qd6 18. Nb3 Be6 19. Nd2 Nd5 20. Nxd5 cxd5 21. Bb2 e4 22. Nb3 Nb5 23. Bxg7 Kxg7 24. dxe4 fxe4 25. Nd4 Nc3 26. Rb7+ Rf7 27. Rxf7+ Bxf7 28. Qd2 Qb4 29. Nc6 Qc4 30. Qd4+ Qxd4 31. Nxd4 Ra2 32. e3 Ne2+ 33. Nxe2 Rxe2 34. Bh3 Kf6 35. Rb1 Rd2 36. Rb6+ Ke7 37. Rb7+ Kf6 38. Rd7 Rd1+ 39. Kg2 Rd2 40. Rd6+ Ke7 41. Rd7+ Kf6 1/2-1/2

[Event "Moscow op (Women) 17th"]
[Site "Moscow"]
[Date "2021.02.26"]
[Round "7"]
[White "Yagutian, Mariya"]
[Black "Tokmakova, Ulyana"]
[Result "0-1"]
[WhiteElo "1691"]
[BlackElo "1882"]
[PlyCount "94"]
[EventDate "2021.02.20"]
[EventType "swiss"]
[EventRounds "9"]
[EventCountry "RUS"]
[SourceTitle "CBM 200 Extra"]
[Source "ChessBase"]
[SourceDate "2021.03.31"]
[SourceVersion "1"]
[SourceVersionDate "2021.03.31"]
[SourceQuality "1"]

1. d4 e6 2. Nf3 d5 3. e3 Nf6 4. Bd3 c5 5. b3 Be7 6. Bb2 0-0 7. 0-0 b6 8. Nbd2 Ba6 9. c4 Nc6 10. Rc1 Rc8 11. Ne5 Nb4 12. Bb1 cxd4 13. exd4 dxc4 14. Ndxc4 Nbd5 15. a3 b5 16. Ne3 b4 17. Nc6 Rxc6 18. Rxc6 Bxf1 19. Qxf1 bxa3 20. Ba1 Nxe3 21. fxe3 Qd5 22. Rc4 Ne4 23. Qd3 f5 24. Ba2 a5 25. b4 axb4 26. Qc2 Qb5 27. Rc8 Nd6 28. Bxe6+ Kh8 29. Rc5 Qb8 30. Qb3 h6 31. Re5 f4 32. e4 Bf6 33. Ra5 Nxe4 34. Bd5 Qb6 35. Bxe4 Qxa5 36. Bc2 Qb5 37. Bd3 Qb6 38. Qd5 Rd8 39. Qe4 Bxd4+ 40. Kh1 g6 41. Qxf4 Kg7 42. Bxg6 Qf6 43. Bxd4 Rxd4 44. Qc7+ Kxg6 45. Qc2+ Kg7 46. Qc7+ Kh8 47. Qb8+ Rd8 0-1

[Event "Moscow op (Women) 17th"]
[Site "Moscow"]
[Date "2021.02.24"]
[Round "5"]
[White "Alekseeva, Irina Kon"]
[Black "Tokmakova, Ulyana"]
[Result "1/2-1/2"]
[WhiteElo "2113"]
[BlackElo "1882"]
[PlyCount "128"]
[EventDate "2021.02.20"]
[EventType "swiss"]
[EventRounds "9"]
[EventCountry "RUS"]
[SourceTitle "CBM 200 Extra"]
[Source "ChessBase"]
[SourceDate "2021.03.31"]
[SourceVersion "1"]
[SourceVersionDate "2021.03.31"]
[SourceQuality "1"]

1. b3 d5 2. Bb2 c5 3. e3 Nf6 4. f4 Nc6 5. Nf3 e6 6. Bb5 Bd6 7. 0-0 0-0 8. Bxc6 bxc6 9. Qe1 Ba6 10. d3 c4 11. dxc4 dxc4 12. Qg3 cxb3 13. c4 Bxc4 14. Rd1 Ne8 15. Nc3 Qb8 16. Ne4 Be7 17. Nc5 Bd5 18. Nd7 Qd8 19. Nxf8 Bxf8 20. axb3 Qb6 21. Nd2 Nd6 22. Bd4 c5 23. Be5 Nf5 24. Qf2 c4 25. bxc4 Bc5 26. Rdb1 Bxe3 27. Rxb6 axb6 28. cxd5 Rxa1+ 29. Bxa1 Bxf2+ 30. Kxf2 exd5 31. Nf3 f6 32. g4 Nd6 33. Ke3 h5 34. h3 Kh7 35. Kd4 Ne4 36. g5 Kg6 37. Kxd5 Kf5 38. Nd4+ Kxf4 39. Ne6+ Kf5 40. Nxg7+ Kxg5 41. Kxe4 Kh4 42. Bxf6+ Kxh3 43. Nxh5 Kg4 44. Nf4 b5 45. Bc3 Kg3 46. Ne2+ Kg4 47. Nd4 Kg5 48. Nxb5 Kg6 49. Nd6 Kg5 50. Kf3 Kh4 51. Ne4 Kh5 52. Kf4 Kg6 53. Bf6 Kf7 54. Kf5 Ke8 55. Ke6 Kf8 56. Nd6 Kg8 57. Ke7 Kh7 58. Kf7 Kh6 59. Ke6 Kg6 60. Nf7 Kh5 61. Ne5 Kh6 62. Nf3 Kh5 63. Kf7 Kh6 64. Bg5+ Kh7 1/2-1/2

[Event "Moscow op (Women) 17th"]
[Site "Moscow"]
[Date "2021.02.22"]
[Round "3"]
[White "Dryaeva, Lana"]
[Black "Tokmakova, Ulyana"]
[Result "0-1"]
[WhiteElo "1404"]
[BlackElo "1882"]
[PlyCount "104"]
[EventDate "2021.02.20"]
[EventType "swiss"]
[EventRounds "9"]
[EventCountry "RUS"]
[SourceTitle "CBM 200 Extra"]
[Source "ChessBase"]
[SourceDate "2021.03.31"]
[SourceVersion "1"]
[SourceVersionDate "2021.03.31"]
[SourceQuality "1"]

1. d4 e6 2. c4 d5 3. Nf3 c5 4. cxd5 exd5 5. Nc3 Nc6 6. g3 Nf6 7. Bg2 Be7 8. b3 0-0 9. 0-0 Bg4 10. dxc5 Bxc5 11. Na4 Be7 12. Bb2 Re8 13. Rc1 Ne4 14. h3 Bh5 15. Nd4 Nxd4 16. Bxd4 Bg5 17. Rc2 Bg6 18. Nc3 Qa5 19. Nxe4 dxe4 20. Rc5 Qd8 21. e3 Be7 22. Rc2 Bf5 23. g4 Bg6 24. Qa1 Bf8 25. Rd1 Qg5 26. Rdd2 h5 27. Qd1 hxg4 28. Qxg4 Qh6 29. Bb2 Bh5 30. Qf4 Qxf4 31. exf4 Bg6 32. Rc7 Red8 33. Bc3 Bd6 34. Rxb7 Bxf4 35. Rxd8+ Rxd8 36. Kf1 Rd1+ 37. Ke2 Bh5+ 38. f3 Rc1 39. Rb5 g5 40. Rc5 Rc2+ 41. Kf1 exf3 42. Bxf3 Bxf3 43. h4 Be2+ 44. Kg2 Bc4+ 45. Kh1 Rxc3 46. Rxc4 Rxc4 47. bxc4 g4 48. Kg2 Kg7 49. c5 Kg6 50. c6 Kh5 51. a4 a5 52. Kf1 Kxh4 0-1

[Event "Moscow op (Women) 16th"]
[Site "Moscow"]
[Date "2020.02.02"]
[Round "9"]
[White "Kharmunova, Nadezhda"]
[Black "Tokmakova, Ulyana"]
[Result "1-0"]
[WhiteElo "2044"]
[BlackElo "1895"]
[PlyCount "91"]
[EventDate "2020.01.25"]
[EventType "swiss"]
[EventRounds "9"]
[EventCountry "RUS"]
[SourceTitle "CBM 194 Extra"]
[Source "ChessBase"]
[SourceDate "2020.03.31"]
[SourceVersion "1"]
[SourceVersionDate "2020.03.31"]
[SourceQuality "1"]

1. e4 e6 2. d3 d5 3. Nd2 c5 4. Ngf3 Be7 5. g3 Nf6 6. Bg2 0-0 7. 0-0 Nc6 8. e5 Ne8 9. Re1 f6 10. exf6 Bxf6 11. Nf1 e5 12. Ne3 Be6 13. c3 Nc7 14. a3 d4 15. cxd4 exd4 16. Nf1 Bd5 17. N1d2 Kh8 18. Ne4 Be7 19. Nfg5 Bxg5 20. Bxg5 Qd7 21. Rc1 Ne6 22. Qh5 g6 23. Bf6+ Kg8 24. Nxc5 gxh5 25. Nxd7 Bxg2 26. Nxf8 Rxf8 27. Rxe6 Bh3 28. Rd6 Bf5 29. Bxd4 Bxd3 30. Bxa7 Ne5 31. f4 Nf3+ 32. Kf2 Be4 33. Rc4 Ng5 34. Rd7 Bc6 35. Re7 Nf7 36. Bc5 Rd8 37. Rd4 Rc8 38. Bb6 Bb5 39. Rxb7 Rc2+ 40. Ke1 Rxh2 41. Rd2 Rh1+ 42. Kf2 Rf1+ 43. Kg2 Re1 44. Rb8+ Kg7 45. Bd4+ Kg6 46. Rxb5 1-0

[Event "Moscow op (Women) 16th"]
[Site "Moscow"]
[Date "2020.01.31"]
[Round "7"]
[White "Shevtsova, Darya"]
[Black "Tokmakova, Ulyana"]
[Result "0-1"]
[WhiteElo "1484"]
[BlackElo "1895"]
[PlyCount "152"]
[EventDate "2020.01.25"]
[EventType "swiss"]
[EventRounds "9"]
[EventCountry "RUS"]
[SourceTitle "CBM 194 Extra"]
[Source "ChessBase"]
[SourceDate "2020.03.31"]
[SourceVersion "1"]
[SourceVersionDate "2020.03.31"]
[SourceQuality "1"]

1. d4 e6 2. c4 Bb4+ 3. Nc3 Nf6 4. e3 0-0 5. Nge2 d5 6. a3 Be7 7. cxd5 exd5 8. g3 c6 9. Bg2 Bf5 10. 0-0 Nbd7 11. Nf4 Re8 12. f3 Nf8 13. e4 dxe4 14. fxe4 Bg4 15. Qd3 c5 16. e5 N6d7 17. Be3 cxd4 18. Bxd4 Ne6 19. Nxe6 Bxe6 20. Rad1 Bb3 21. Rde1 Nc5 22. Qd2 Bg5 23. Rf4 Bxf4 24. gxf4 Ne6 25. Be3 Qxd2 26. Bxd2 Rad8 27. Be3 Nd4 28. Bf2 b6 29. Ne4 Nf5 30. Bh3 Nd4 31. Bg2 Ne6 32. Nd6 Nxf4 33. Nxe8 Rxe8 34. Bf1 h5 35. Re4 Ng6 36. Bd4 Bd5 37. Re3 Nh4 38. Bc3 Nf3+ 39. Kf2 Nxh2 40. Be2 Ng4+ 41. Bxg4 hxg4 42. Kg3 Be6 43. Rd3 Kh7 44. Rd2 Kg6 45. Bd4 Rh8 46. Rh2 Rc8 47. Bc3 Rc4 48. Re2 Bd5 49. Rd2 Bf3 50. Rd6+ Kh5 51. Rd7 Re4 52. Rxf7 g5 53. Rh7+ Kg6 54. Rh2 Kf5 55. Rf2 Re3 56. Rf1 Rd3 57. Rg1 Rd8 58. Re1 Rh8 59. Rg1 Rh3+ 60. Kf2 Bd5 61. Rg3 Rh2+ 62. Ke3 Bf3 63. Bd4 Re2+ 64. Kd3 Kf4 65. Rg1 g3 66. Kc3 g2 67. Kd3 g4 68. Kc3 Be4 69. e6 Bf3 70. Kd3 Rxe6 71. Kc4 Rc6+ 72. Kd3 Be4+ 73. Kd2 Rd6 74. Kc3 Kf3 75. Kc4 Rxd4+ 76. Kxd4 Kf2 0-1

[Event "Moscow op (Women) 16th"]
[Site "Moscow"]
[Date "2020.01.27"]
[Round "3"]
[White "Shevtsova, Stefania"]
[Black "Tokmakova, Ulyana"]
[Result "0-1"]
[WhiteElo "1640"]
[BlackElo "1895"]
[PlyCount "104"]
[EventDate "2020.01.25"]
[EventType "swiss"]
[EventRounds "9"]
[EventCountry "RUS"]
[SourceTitle "CBM 194 Extra"]
[Source "ChessBase"]
[SourceDate "2020.03.31"]
[SourceVersion "1"]
[SourceVersionDate "2020.03.31"]
[SourceQuality "1"]

1. e4 e6 2. d4 d5 3. e5 c5 4. c3 Qb6 5. Nf3 Bd7 6. a3 Bb5 7. Bxb5+ Qxb5 8. b4 cxb4 9. cxb4 Nd7 10. Nc3 Qc6 11. Bb2 Nb6 12. 0-0 Ne7 13. Rc1 Nc4 14. Qe2 Nf5 15. g4 Ne7 16. Ng5 h6 17. Nh3 h5 18. Ne4 dxe4 19. Rxc4 Qa6 20. gxh5 Nd5 21. Rfc1 Nb6 22. R4c2 Qxe2 23. Rxe2 Rxh5 24. Nf4 Rh4 25. Ng2 Rg4 26. h3 Rg6 27. Rxe4 Nd5 28. Kf1 Be7 29. Rc2 Rh6 30. Rg4 g5 31. Rg3 Kd7 32. Bc1 Rah8 33. Bxg5 Bxg5 34. Rxg5 Rxh3 35. Rg7 Ke7 36. Ne3 Rxe3 37. fxe3 Nxe3+ 38. Ke2 Nxc2 39. Kd3 Nxa3 40. Rg3 Rc8 41. Ke4 Nb5 42. Rd3 Rc4 43. Ke3 Rxb4 44. d5 exd5 45. Rxd5 Ke6 46. Rc5 b6 47. Rc6+ Kxe5 48. Rh6 Rb3+ 49. Kd2 a5 50. Kc2 Rb4 51. Kd3 a4 52. Rh5+ f5 0-1

[Event "Moscow op (Women) 16th"]
[Site "Moscow"]
[Date "2020.01.26"]
[Round "2"]
[White "Tokmakova, Ulyana"]
[Black "Sidorova, Margarita"]
[Result "1-0"]
[WhiteElo "1895"]
[BlackElo "1714"]
[PlyCount "89"]
[EventDate "2020.01.25"]
[EventType "swiss"]
[EventRounds "9"]
[EventCountry "RUS"]
[SourceTitle "CBM 194 Extra"]
[Source "ChessBase"]
[SourceDate "2020.03.31"]
[SourceVersion "1"]
[SourceVersionDate "2020.03.31"]
[SourceQuality "1"]

1. c4 Nf6 2. Nc3 e6 3. e4 Nc6 4. Nf3 e5 5. d4 exd4 6. Nxd4 Bb4 7. Nxc6 bxc6 8. Bd3 d6 9. 0-0 0-0 10. Bg5 h6 11. Bh4 g5 12. Bg3 Bg4 13. f3 Bc5+ 14. Kh1 Bh5 15. Qc2 Bg6 16. Rad1 Qc8 17. e5 Bxd3 18. Qxd3 Nh5 19. Ne4 Rb8 20. exd6 Nxg3+ 21. hxg3 cxd6 22. Qc3 Kh7 23. Nxc5 dxc5 24. Rd6 f5 25. Re1 Qc7 26. Ree6 Qg7 27. Qxg7+ Kxg7 28. Rxc6 Rxb2 29. Rg6+ Kf7 30. Rxh6 g4 31. Rxc5 Re8 32. Rxf5+ Kg7 33. Rh4 Re1+ 34. Kh2 Rbb1 35. Rxg4+ Kh6 36. Rh4+ Kg6 37. g4 Rb2 38. Kg3 Rxa2 39. Rh8 Ree2 40. Kf4 Ra4 41. Rg8+ Kh7 42. Rc8 Rxg2 43. Rc7+ Kg6 44. Rc6+ Kg7 45. Rb5 1-0

[Event "Moscow op (Women) 16th"]
[Site "Moscow"]
[Date "2020.01.25"]
[Round "1"]
[White "Bodnaruk, Anastasia"]
[Black "Tokmakova, Ulyana"]
[Result "1-0"]
[WhiteElo "2411"]
[BlackElo "1895"]
[PlyCount "83"]
[EventDate "2020.01.25"]
[EventType "swiss"]
[EventRounds "9"]
[EventCountry "RUS"]
[SourceTitle "CBM 194 Extra"]
[Source "ChessBase"]
[SourceDate "2020.03.31"]
[SourceVersion "1"]
[SourceVersionDate "2020.03.31"]
[SourceQuality "1"]

1. e4 e6 2. d4 d5 3. Nc3 Bb4 4. e5 Ne7 5. a3 Bxc3+ 6. bxc3 b6 7. Qg4 Ng6 8. h4 h5 9. Qf3 Nxh4 10. Qd1 Ba6 11. Bxa6 Nxa6 12. g3 Ng6 13. Rxh5 Rxh5 14. Qxh5 Qd7 15. a4 0-0-0 16. Kf1 c5 17. Qh7 cxd4 18. cxd4 Qc7 19. Bg5 Qc4+ 20. Kg2 Rh8 21. Qxg7 Qxd4 22. Qxf7 Qxa1 23. Qxe6+ Kb8 24. Qxg6 Nc7 25. Qc6 Qd1 26. e6 Rf8 27. Be7 Rxf2+ 28. Kxf2 Qd4+ 29. Kf1 Qd1+ 30. Kg2 Qd2+ 31. Kh3 Qh6+ 32. Bh4 Nxe6 33. Qd6+ Kc8 34. Qxd5 Nc5 35. Nf3 Qg6 36. Qa8+ Kc7 37. Bd8+ Kd6 38. Qb8+ Kd5 39. Qe5+ Kc6 40. Qc7+ Kd5 41. c4+ Ke4 42. Qf4+ 1-0